| 000 | 01334nam a2200325Ia 4500 | ||
|---|---|---|---|
| 001 | ebr10067511 | ||
| 003 | CaPaEBR | ||
| 006 | m u | ||
| 007 | cr cn||||||||| | ||
| 008 | 021209s2003 ne a sb 001 0 eng d | ||
| 010 | _z 2002043297 | ||
| 020 | _z1402011172 (alk. paper) | ||
| 040 |
_aCaPaEBR _cCaPaEBR |
||
| 035 | _a(OCoLC)70758340 | ||
| 050 | 1 | 4 |
_aQP517.C45 _bS535 2003eb |
| 245 | 0 | 0 |
_aSignal transduction by reactive oxygen and nitrogen species _h[electronic resource] : _bpathways and chemical principles / _cedited by Henry Jay Forman, Jon Fukuto and Martine Torres. |
| 260 |
_aDordrecht ; _aBoston : _bKluwer Academic Publishers, _cc2003. |
||
| 300 |
_axxii, 411 p. : _bill. |
||
| 504 | _aIncludes bibliographical references and index. | ||
| 533 |
_aElectronic reproduction. _bPalo Alto, Calif. : _cebrary, _d2009. _nAvailable via World Wide Web. _nAccess may be limited to ebrary affiliated libraries. |
||
| 650 | 0 | _aCellular signal transduction. | |
| 650 | 0 | _aActive oxygen. | |
| 650 | 0 | _aActive nitrogen. | |
| 655 | 7 |
_aElectronic books. _2local |
|
| 700 | 1 | _aForman, Henry Jay. | |
| 700 | 1 | _aFukuto, Jon. | |
| 700 | 1 | _aTorres, Martine. | |
| 710 | 2 | _aebrary, Inc. | |
| 856 | 4 | 0 |
_uhttp://site.ebrary.com/lib/rucke/Doc?id=10067511 _zAn electronic book accessible through the World Wide Web; click to view |
| 999 |
_c49193 _d49193 |
||